| 000 | 00728nam a22002297a 4500 | ||
|---|---|---|---|
| 001 | 8521 | ||
| 003 | FISKH | ||
| 005 | 20250917120903.0 | ||
| 008 | 250917b cb ||||| |||| 00| 0 eng d | ||
| 020 | _a9781461126140 | ||
| 040 |
_aFISKH _beng _cFISKH _dFISKH |
||
| 050 | _aPZ7 | ||
| 082 | _a 808.042 | ||
| 100 | _aCohen, Bryan | ||
| 245 |
_a500 writing prompts for Kids: _bFirst grade through fifth grade / _cBryan Cohen |
||
| 260 | _c2011. | ||
| 300 |
_a73 pages : _bcolor illustrations ; _c23 cm |
||
| 520 | _a"'500 Writing Prompts for Kids' is a book full of story-starters catered to the elementary school age group." --P. [4] of cover. | ||
| 650 |
_aDiversity _vRace _xWriting |
||
| 942 |
_2ddc _cBK _n0 |
||
| 999 |
_c8521 _d8521 |
||